Detection of campylobacter and shigella species in food samples using an array biosensor /
Đã lưu trong:
| Tác giả khác: | , , , |
|---|---|
| Định dạng: | Bài viết |
| Ngôn ngữ: | English |
| Những chủ đề: | |
| Các nhãn: |
Thêm thẻ
Không có thẻ, Là người đầu tiên thẻ bản ghi này!
|
| Thư viện lưu trữ: | Thư viện Trường Đại học Đà Lạt |
|---|
| LEADER | 01059nam a2200361 4500 | ||
|---|---|---|---|
| 001 | DLU090097705 | ||
| 005 | ##20091201 | ||
| 040 | # | # | |a DLU |b eng |
| 041 | # | # | |a eng |
| 044 | # | # | |a us |
| 245 | # | # | |a Detection of campylobacter and shigella species in food samples using an array biosensor / |c Kim E. Sapsford ... [et al.]. |
| 653 | # | # | |a Bacteria |
| 653 | # | # | |a Beverage |
| 653 | # | # | |a Biosensor |
| 653 | # | # | |a Campylobacter jejuni |
| 653 | # | # | |a Campylobacteraceae |
| 653 | # | # | |a Enterobacteriaceae |
| 653 | # | # | |a Foodstuff |
| 653 | # | # | |a Shigella dysenteriae |
| 700 | # | # | |a Ligler, Frances S. |
| 700 | # | # | |a Rasooly, Avraham. |
| 700 | # | # | |a Sapsford, Kim E. |
| 700 | # | # | |a Taitt, Chris R. |
| 773 | # | # | |t Analytical Chemistry |g Vol. 76, no. 2 (January 2004), p. 433-440 |
| 920 | # | # | |a Phòng Tạp chí -- Trung tâm Thông tin - Thư viện Trường Đại học Đà Lạt |
| 994 | # | # | |a DLU |
| 900 | # | # | |a True |
| 911 | # | # | |a Trương Bảo Trâm Anh |
| 925 | # | # | |a G |
| 926 | # | # | |a A |
| 927 | # | # | |a BB |
| 980 | # | # | |a Thư viện Trường Đại học Đà Lạt |